Vista normal
Vista MARC
Entrada Personal Name
Número de registros utilizados en: 1
001 - CONTROL NUMBER
- control field: 16885
003 - CONTROL NUMBER IDENTIFIER
- control field: DLC
005 - DATE AND TIME OF LATEST TRANSACTION
- control field: 20250319111159.0
008 - FIXED-LENGTH DATA ELEMENTS
- fixed length control field: 070220n| azannaabn |b aaa c
010 ## - LIBRARY OF CONGRESS CONTROL NUMBER
- LC control number: no2007019314
- Canceled/invalid LC control number: n 2013028573
035 ## - SYSTEM CONTROL NUMBER
- System control number: (OCoLC)oca07333212
040 ## - CATALOGING SOURCE
- Original cataloging agency: MH
- Language of cataloging: spa
- Description conventions: rda
- Transcribing agency: Mx-PuUPA
- Modifying agency: OCoLC
- Modifying agency: DLC
- Modifying agency: IlMpPL
- Modifying agency: DLC
- Modifying agency: Mx-PuUPA
046 ## - SPECIAL CODED DATES
- Birth date: 1974
- Source of date scheme: edtf
053 #0 - LC CLASSIFICATION NUMBER
- Classification number element--single number or beginning number of span: PT9877.22.A34
100 1# - HEADING--PERSONAL NAME
- Personal name: Läckberg, Camilla,
- Dates associated with a name: 1974-
374 ## - OCCUPATION
- Occupation: Novelista
- Source of term: lcsh
374 ## - OCCUPATION
- Occupation: Autora
- Source of term: lcsh
375 ## - GENDER
- Gender: mujer
377 ## - ASSOCIATED LANGUAGE
- Language code: swe
400 1# - SEE FROM TRACING--PERSONAL NAME
- Personal name: Лэкберг, Камилла,
- Dates associated with a name: 1974-
670 ## - SOURCE DATA FOUND
- Source citation: Läckberg, Camilla. Stenhuggaren, 2005:
- Information found: t.p. (Camilla Läckberg)
670 ## - SOURCE DATA FOUND
- Source citation: LIBRIS database, Sept. 22, 2006
- Information found: (hdg.: Läckberg, Camilla, 1974- )